| 000 | 00891cam a2200241 a 4500 | ||
|---|---|---|---|
| 999 |
_c57431 _d57431 |
||
| 001 | 17651550 | ||
| 005 | 20220929120112.0 | ||
| 008 | 130305s2013 njuab b 001 0 eng | ||
| 020 | _a9780135033739 | ||
| 041 | _aeng | ||
| 080 | _a631.452 S-70 | ||
| 245 | 0 | 0 |
_aSoil fertility and fertilizers : _ban introduction to nutrient management / _cJohn L. Havlin ... [et al.]. |
| 250 | _a8th ed. | ||
| 264 |
_aUpper Saddle River, N.J. : _bPearson, _c2013. |
||
| 300 |
_a516 p. : _bill., maps ; _c29 cm. |
||
| 653 | _aნიადაგების ნაყოფიერება | ||
| 653 | _aნიადაგების სასუქები | ||
| 700 | 1 |
_aHavlin, John. _eავტორი _98583 |
|
| 700 | 1 |
_aTisdale, S. L. _eავტორი _98584 |
|
| 700 | 1 |
_aNelson, W. L. _eავტორი _98585 |
|
| 700 | 1 |
_aBeaton, J. D. _eავტორი _98586 |
|
| 942 |
_2udc _cBK |
||